Movies Quiz

Random Movies or Actor Quiz

As You Wish... Quiz Stats

 Plays Quiz not verified by Sporcle

Challenge
Share
Tweet
Score 0/7 Timer 01:00
0 Plays Today
% Correct
Robin Wright
93.8%
Cary Elwes
89.6%
Billy Crystal
89.6%
Mandy Patinkin
72.9%
Wallace Shawn
68.8%
Carol Kane
58.3%
Chris Sarandon
53.1%

You're not logged in!

Compare scores with friends on all Sporcle quizzes.
OR
Log In

You Might Also Like...

Show Comments

Extras

Created Mar 28, 2016ReportNominate
Tags:Actor Quiz, bride, later, princess, second, wish

Top Quizzes Today


Score Distribution

Your Account Isn't Verified!

In order to create a playlist on Sporcle, you need to verify the email address you used during registration. Go to your Sporcle Settings to finish the process.

Report this User

Report this user for behavior that violates our Community Guidelines.

Details: